000
00255nam a2200109Ia 4500
008
190216s9999||||xx |||||||||||||| ||und||
100
_a
Nimila Guptha
245
0
_a
Hindi-Kavya Lahari
260
_b
Bharathy Sahithya Mandir
650
_a
Hindi
942
_c
BK
999
_c
15518
_d
15518